Europe and Its States in Globalization (notice n° 2038042)
[ vue normale ]
| 000 -LEADER | |
|---|---|
| fixed length control field | 00792cam a2200157 4500500 |
| 005 - DATE AND TIME OF LATEST TRANSACTION | |
| control field | 20260405000529.0 |
| 041 ## - LANGUAGE CODE | |
| Language code of text/sound track or separate title | fre |
| 042 ## - AUTHENTICATION CODE | |
| Authentication code | dc |
| 100 10 - MAIN ENTRY--PERSONAL NAME | |
| Personal name | Picq, Jean |
| Relator term | author |
| 245 00 - TITLE STATEMENT | |
| Title | Europe and Its States in Globalization |
| 260 ## - PUBLICATION, DISTRIBUTION, ETC. | |
| Date of publication, distribution, etc. | 2010.<br/> |
| 500 ## - GENERAL NOTE | |
| General note | 47 |
| 520 ## - SUMMARY, ETC. | |
| Summary, etc. | The causes for the discontent fuelling the Arab revolutions are to be found in a western politics of divide and rule over the past century, argues Gérard Khoury. Will democratically elected Arab leaders make a break with the practices of their predecessors, or will new repressive regimes emerge sustained by western complicity? |
| 786 0# - DATA SOURCE ENTRY | |
| Note | Études | Volume 413 | 11 | 2010-10-29 | p. 449-459 | 0014-1941 |
| 856 41 - ELECTRONIC LOCATION AND ACCESS | |
| Uniform Resource Identifier | <a href="https://shs.cairn.info/journal-etudes-2010-11-page-449?lang=en&redirect-ssocas=7080">https://shs.cairn.info/journal-etudes-2010-11-page-449?lang=en&redirect-ssocas=7080</a> |
Pas d'exemplaire disponible.




Réseaux sociaux